000 00557nam a22001811a 4500
001 11835
003 OSt
005 20260204212259.0
008 131126s2001||||dr ||||||b||||||||||spa||
020 _a99934129
082 _aRD 336.7293
100 _aDauhajre, Andres
245 _aRacionalizacion presupuestaria y política de gasto público / Andres Dauhajre
264 _aSanto Doimingo : Banco Central
300 _axl ll, 534 P
650 _aGASTOS PUBLICO - REPUBLICA DOMINICANA 2.RECURSOS PRESUPUESTARIO - REPUBLICA DOMINICANAÌ
942 _2ddc
_cBK
999 _c11835
_d11835